| 000 | 00456nam a2200181 a 4500 | ||
|---|---|---|---|
| 005 | 20210223125143.0 | ||
| 008 | 031003s1970 ag r 000 0 spa d | ||
| 035 | _aUPN01000129566 | ||
| 049 | _aCG | ||
| 050 | 4 |
_aTT879 C4 _bB3.78 |
|
| 100 | 1 | _aBauta, A. | |
| 245 | 1 | 0 |
_aTrabajos de cestería / _cA. Bauta. |
| 260 |
_aBuenos Aires : _bTroquel, _c1970. |
||
| 300 |
_a79 p. : _bil. |
||
| 440 | 0 | _aCómo hacer | |
| 650 | 4 |
_aCESTERIA _99633 |
|
| 905 | _aLibro | ||
| 999 |
_c101738 _d101738 |
||